Developing physical health, fitness and well-being through gymnastics (7-11) : (Record no. 22223)
[ view plain ]
| 000 -LEADER | |
|---|---|
| fixed length control field | 00992nam a2200229 a 4500 |
| 003 - CONTROL NUMBER IDENTIFIER | |
| control field | SISC |
| 005 - DATE AND TIME OF LATEST TRANSACTION | |
| control field | 20160822110753.0 |
| 008 - FIXED-LENGTH DATA ELEMENTS--GENERAL INFORMATION | |
| fixed length control field | 121025s19uu xx 00 eng d |
| 020 ## - INTERNATIONAL STANDARD BOOK NUMBER | |
| International Standard Book Number | 9780415591089 |
| 050 ## - LIBRARY OF CONGRESS CALL NUMBER | |
| Classification number | GV 464.5 |
| Item number | .C35 2012 |
| 100 ## - MAIN ENTRY--PERSONAL NAME | |
| Personal name | Carroll, Maggie. |
| 245 ## - TITLE STATEMENT | |
| Title | Developing physical health, fitness and well-being through gymnastics (7-11) : |
| Remainder of title | a session-by-session approach / |
| Statement of responsibility, etc | Maggie Carroll, Jackie Hannay. |
| 250 ## - EDITION STATEMENT | |
| Edition statement | 3rd edition. |
| 260 ## - PUBLICATION, DISTRIBUTION, ETC. (IMPRINT) | |
| Place of publication, distribution, etc | Milton Park, Abingdon, Oxon ; New York, NY : |
| Name of publisher, distributor, etc | Routledge, |
| Date of publication, distribution, etc | 2012. |
| 300 ## - PHYSICAL DESCRIPTION | |
| Extent | v, 232 pages : |
| Other physical details | col. ill. ; |
| Dimensions | 24 cm. |
| 520 ## - SUMMARY, ETC. | |
| Summary, etc | This practical and easy-to-use teacher's guide is the brand new edition of the popular workbook Gymnastics 7-11. It takes a session-by-session approach to teaching physical development and well-being through gymnastics for the 7-11 age range. |
| 650 ## - SUBJECT ADDED ENTRY--TOPICAL TERM | |
| Topical term or geographic name as entry element | Gymnastics for children. |
| 650 ## - SUBJECT ADDED ENTRY--TOPICAL TERM | |
| Topical term or geographic name as entry element | Movement education |
| 700 ## - ADDED ENTRY--PERSONAL NAME | |
| Personal name | Hannay, Jackie |
| 942 ## - ADDED ENTRY ELEMENTS (KOHA) | |
| Koha item type | Books |
| Source of classification or shelving scheme | Library of Congress Classification |
| Call number prefix | Foreign |
| Withdrawn status | Lost status | Source of classification or shelving scheme | Damaged status | Home library | Current library | Shelving location | Date acquired | Cost, normal purchase price | Total Checkouts | Full call number | Barcode | Date last seen | Date checked out | Copy number | Price effective from | Koha item type |
|---|---|---|---|---|---|---|---|---|---|---|---|---|---|---|---|---|
| Library of Congress Classification | College Library | College Library | Reserve Section | 10/25/2012 | 3085.00 | 1 | GV 464.5 .C35 2012 | C15945 | 05/15/2018 | 01/14/2016 | 1 | 10/10/2013 | Books |